|
|
|
|
| LEADER |
00911nam a2200289 4500 |
| 001 |
DLU160175191 |
| 005 |
##20160316 |
| 040 |
# |
# |
|a DLU
|b vie
|
| 041 |
# |
# |
|a vie
|
| 044 |
# |
# |
|a vn
|
| 100 |
# |
# |
|a Tạ Thị Thúy,
|c PGS.TS.
|
| 245 |
# |
# |
|a Chính sách thuộc địa của Pièrre Pasquier ở Việt Nam đầu những năm 30, thế kỷ XX /
|c Tạ Thị Thúy.
|
| 653 |
# |
# |
|a Chính sách thuộc địa
|
| 653 |
# |
# |
|a Khủng hoảng kinh tế
|
| 653 |
# |
# |
|a Thế kỷ XX
|
| 653 |
# |
# |
|a Thời Pháp thuộc
|
| 653 |
# |
# |
|a Thuộc địa
|
| 773 |
# |
# |
|t Tạp chí Nghiên cứu Lịch sử
|g Số 3 (419), 2011, tr.3-16
|
| 920 |
# |
# |
|a Phòng Tạp chí -- Trung tâm Thông tin - Thư viện Trường Đại học Đà Lạt
|
| 994 |
# |
# |
|a DLU
|
| 900 |
# |
# |
|a True
|
| 911 |
# |
# |
|a Trần Thị Minh Hương
|
| 925 |
# |
# |
|a G
|
| 926 |
# |
# |
|a A
|
| 927 |
# |
# |
|a BB
|
| 980 |
# |
# |
|a Thư viện Trường Đại học Đà Lạt
|